Welcome to CU Library Online Public Access Catalogue (OPAC)

Modern Microeconomics (Record no. 5173)

MARC details
000 -LEADER
fixed length control field 00387nam a22001577a 4500
005 - DATE AND TIME OF LATEST TRANSACTION
control field 20250325104738.0
008 - FIXED-LENGTH DATA ELEMENTS--GENERAL INFORMATION
fixed length control field 250325b |||||||| |||| 00| 0 eng d
020 ## - INTERNATIONAL STANDARD BOOK NUMBER
International Standard Book Number 9780333778210
050 ## - LIBRARY OF CONGRESS CALL NUMBER
Classification number HB I71. 5 K 68 KOU
Item number 1
100 ## - MAIN ENTRY--PERSONAL NAME
Personal name KOUTSOYIANNIS, A
245 ## - TITLE STATEMENT
Title Modern Microeconomics
250 ## - EDITION STATEMENT
Edition statement 2nd
260 ## - PUBLICATION, DISTRIBUTION, ETC.
Place of publication, distribution, etc. Ontario
Name of publisher, distributor, etc. Macmillan
Date of publication, distribution, etc. 1979c
300 ## - PHYSICAL DESCRIPTION
Extent xi,581p
942 ## - ADDED ENTRY ELEMENTS (KOHA)
Source of classification or shelving scheme Library of Congress Classification
Koha item type Books
Suppress in OPAC No
999 ## -
-- 5173
-- 5173
Holdings
Withdrawn status Lost status Source of classification or shelving scheme Damaged status Not for loan Collection Home library Current library Shelving location Date acquired Total checkouts Full call number Barcode Date last seen Copy number Price effective from Koha item type
    Library of Congress Classification     Non-fiction Graduate Library (Christ Temple) Graduate Library (Christ Temple) General stacks 03/25/2025   HB 1715.K.68 GSCT00000798 03/25/2025 1 03/25/2025 Books
    Library of Congress Classification     Non-fiction Graduate Library (Christ Temple) Graduate Library (Christ Temple) General stacks 03/25/2025   HB 1715.K.68 GSCT00000799 03/25/2025 2 03/25/2025 Books
    Library of Congress Classification     Non-fiction Undergraduate Library (Christ Temple) Undergraduate Library (Christ Temple) General stacks 05/21/2025   HB171.5.K68 KOU ulct00002549 05/21/2025 1 05/21/2025 Books
    Library of Congress Classification     Non-fiction Undergraduate Library (Christ Temple) Undergraduate Library (Christ Temple) General stacks 05/21/2025   HB171.5.K68 KOU ulct00002550 05/21/2025 2 05/21/2025 Books
© 2023-2024 Copyright: Central University Libraries. All Rights Reserved | Created by: Mahone Tech Office